000 01752cam a22004214i 4500
003 PE-LiUPU
005 20250731173223.0
008 150625s r 000 0 d
035 _a(Sirsi) a33847
040 _aPE-LiUPU
_bspa
_cPE-LiUPU
_erda
082 0 4 _a221.07
_bOTL
_221
100 1 _aPetersen, David L.,
_eautor.
245 1 0 _aHaggai and Zechariah 1-8 :
_nA commentary /
_cDavid L. Petersen.
264 1 _aPhiladelphia :
_bThe Westminster press,
_c1984.
300 _a320 páginas ;
_c23 centímetros.
336 _atext
_2rdacontent
337 _aunmediated
_2rdamedia
338 _avolume
_2rdacarrier
490 0 _a(The Old Testament Library)
505 0 _aWhile this house lies in ruins. -The worked on the house of Yahweh. -Is it not as nothing in your eyes?. -That Which they bring near is unclean. -From this day on, I will send blessings. -I will take you, O Zerubbabel. -As your fathers, where are they?. -All the earth is dwelling peacefully. -I looked and saw four horns. -I will be to her as a wall of fire. -Flee from the northland. -I have removed your guilt from you.
526 _aSEG42
526 _aSEG41
526 _aSEG40
526 _aSEG39
526 _aP94
526 _aP87
526 _aP86
526 _aP85
526 _aP77
526 _aP76
526 _aP35
630 _aBiblia.
_pHageo
_xCrítica e interpretación
630 _aBiblia.
_pZacarías
_xCrítica e interpretación
942 _2ddc
_cBK
949 _a221.07 OTL 37
_wDEWEY
_c1
_i37813
_lCCODEBUL1
_mBUL
_p00.00
_r0
_sY
_tBOOK
_u2015-06-25
_xTEOLOGIA
_zUNKNOWN
_0COMPRA
_o.STAFF. Colección General
980 _81
_gALBERTO SANCHEZ Responsable de Automatización
999 _c41639
_d41639